Bezbielkovinné a bezsérové médium na kultiváciu cicavčích buniek, jeho použitie, spôsob kultivácie cicavčích buniek, spôsob produkcie proteínu, bunková kultúra a spôsob produkcie média pre bunkovú kultúru

Bibliographic Details
Corporate Author: Baxter Aktiengesellschaft (Viedeň, Rakúsko) (Patent holder)
Other Authors: Mundt, Wolfgang (Originator), Dorner, Friedrich (Originator), Grillberger, Leopold (Originator), Mitterer, Artur (Originator), Reiter, Manfred (Originator)
Format: Book
Language:Slovak
PhysicalDescription:15 s. grafy, tab. 30 cm
Published: [Banská Bystrica] Úrad priemyselného vlastníctva SR [2013]
Subjects:

MARC

LEADER 00000cam a2200000 a 4500
001 vtls010498997
003 SK-MaSNL
005 20260301033804.0
008 160430s2012 xo da j f000 0 slo
013 |a 288059  |b SK  |c patent  |d 20130228  |e dátum sprístupnenia patentu 
013 |e číslo prihlášky  |d 20000927  |e dátum podania prihlášky  |d 20020702  |e dátum zverejnenia prihlášky (Vestník ÚPV SR č.: 07/2002) 
013 |a A 1659/99  |e číslo prioritnej prihlášky  |d 19990928  |e dátum podania prioritnej prihlášky  |b AT  |e kód krajiny prioritnej prihlášky 
015 |a SNBN2013 
040 |a SNK  |b slo  |c SNK  |e AACR2 
041 0 |a slo 
044 |a xo  |c SK 
072 7 |a 577  |x Biochémia. Molekulárna biológia . Biofyzika  |2 konspekt 
080 |a 577.1  |2 2001 
084 |a C12N 5/00  |2 IPC 
084 |a C12P 21/00  |2 IPC 
084 |a C12R 1/00  |2 IPC 
245 0 0 |a Bezbielkovinné a bezsérové médium na kultiváciu cicavčích buniek, jeho použitie, spôsob kultivácie cicavčích buniek, spôsob produkcie proteínu, bunková kultúra a spôsob produkcie média pre bunkovú kultúru  |c Manfred Reiter ... [et al.] ; patent. zást. Rott, Růžička & Guttmann, Bratislava, SK 
260 |a [Banská Bystrica]  |b Úrad priemyselného vlastníctva SR  |c [2013] 
300 |a 15 s.  |b grafy, tab.  |c 30 cm 
650 0 7 |a biochémia  |2 SNKPH  |9 696 
650 0 7 |a Biochemistry  |2 SNKPHeng  |9 266275 
655 7 |a patenty  |2 SNKPH  |9 177343 
655 7 |a patent licenses  |2 SNKPHeng  |9 303430 
700 1 |a Mundt, Wolfgang  |4 org  |9 333531 
700 1 |a Dorner, Friedrich  |4 org  |9 321722 
700 1 |a Grillberger, Leopold  |4 org  |9 333532 
700 1 |a Mitterer, Artur  |4 org  |9 333533 
700 1 |a Reiter, Manfred  |4 org  |9 333534 
710 2 |a Baxter Aktiengesellschaft (Viedeň, Rakúsko)  |4 pth  |9 321725 
710 2 |a Rott, Růžička & Guttmann (Bratislava, Slovensko)  |4 oth  |9 161299 
999 |c 580681  |d 582611 
952 |a SNK  |b SNK  |y PREZ  |7 0  |p 17A1067685  |o snkSK 288059  |i snk2013/8396  |8 0  |0 0  |1 0  |4 0  |d 2013-04-15  |l 0  |r 2026-02-23 14:49:27  |w 2026-02-23